00374nam a2200145Ia 4500003000400000005001700004008004100021040000900062082001700071100002400088245005400112260004100166300000900207650001200216OSt20211112103226.0190216s9999||||xx |||||||||||||| ||und|| coclc a915.4bSUD/I aSuda, Jyoti Prasad  0aThe Indian National Movement /cJyoti Prasad Suda bMoohim Publication,aAndhra Pradesh: a414p aHistory